Statistics for random verbs i learned in french class (french to english)

Click here to take the quiz!

General Stats

  • This quiz has been taken 49 times
  • The average score is 8 of 9

Answer Stats

FrenchEnglish% Correct
DanserDance
98%
EcouterListen
98%
JouerPlay
98%
LireRead
96%
DormirSleep
96%
SavoirKnow
83%
RegarderWatch
80%
AppendreLearn
76%
AttendreWait
76%

Score Distribution

Percentile by Number Answered

Percent of People with Each Score

Your Score History

You have not taken this quiz